000 00494nam a22001817a 4500
005 20260114105544.0
020 _a9783764369309
100 _aGohberg, Israel
_97926
245 _aBasic classes of linear operators
260 _aSwitzerland
_bSpringer
_c2003
300 _axvii+423
650 _aHilbert spaces
_97576
650 _aSpectral theory
_95788
650 _aFredholm operator
_97927
700 _aGoldberg, Seymour
_97928
700 _aKaashoek, Marinus A
_97929
942 _2ddc
_cBK
999 _c755072
_d755072